00435pab a2200145 454500008004000000100002400040245007000064260000900134300001300143362001100156650004100167650003600208650001100244773003400255180718b2014 xxu||||| |||| 00| 0 eng d aRao, Palla Trinadha aPolitics of tribal land rights: Notes from Andhra Pradesh (Notes) c2014 ap.67-70. a19 Apr aLand tenure - India - Andhra Pradesh aTribes - India - Andhra Pradesh aTribes aEconomic and Political Weekly